Charles Ingram Wanted to Be a Millionaire - Statistics

General Stats
  • This quiz has been taken 682 times
  • The average score is 9 of 15
Answer Stats
Question Answer % Correct
What name is given to a person who is against increasing the powers of the European Union? Euro-sceptic
94%
A number one followed by one hundred zeros is known by what name? Googol
90%
What is butterscotch? Brittle toffee
88%
On which of these would you air laundry? Clothes horse
84%
The Normans, who invaded and conquered England in 1066, spoke which language? French
76%
Which of these is the nickname for a famous Scottish army regiment? Black Watch
75%
Who had a hit UK album with 'Born To Do It', released in 2000? Craig David
55%
Who was the second husband of Jacqueline Kennedy? Aristotle Onassis
53%
In 'Coronation Street', who is Audrey's daughter? Gail
49%
Gentlemen v Players was an annual match between amateurs and professionals of which sport? Cricket
41%
Emmenthal is a cheese from which country? Switzerland
39%
The River Foyle is found in which part of the United Kingdom? Northern Ireland
35%
What type of garment is an Anthony Eden? Hat
33%
Baron Haussmann is best known for his planning of which city? Paris
29%
'The Ambassadors', in the National Gallery, is a painting by which artist? Holbein
27%
No matching quizzes found
Score Distribution
Percent of People with Each Score
Percentile by Number Answered
Your Score History
You have not taken this quiz